[Event "South Island-ch"]
[Site "Dunedin"]
[Date "2004.09.27"]
[Round "6"]
[White "Reedy, Brendan"]
[Black "Gloistein, Bruce H"]
[Result "1-0"]
[WhiteElo "2022"]
[BlackElo "1540"]
[PlyCount "95"]
[EventDate "2004.09.25"]
[EventType "swiss"]
[EventRounds "8"]
[EventCountry "NZL"]
[SourceTitle "EXT 2018"]
[Source "ChessBase"]
[SourceDate "2017.10.13"]
[SourceVersion "1"]
[SourceVersionDate "2017.10.13"]
[SourceQuality "1"]

1. e4 d6 2. d4 Nf6 3. Nc3 g6 4. Nf3 Bg7 5. Be2 0-0 6. 0-0 c6 7. a4 a5 8. Re1 Nbd7 9. Bc4 Nb6 10. Be2 Bg4 11. Nd2 Bxe2 12. Nxe2 e5 13. c3 Ng4 14. h3 Nf6 15. Ng3 Qc7 16. Nf3 Rae8 17. Bg5 Nfd7 18. Qc1 d5 19. Bh6 dxe4 20. Bxg7 Kxg7 21. Rxe4 f5 22. Rh4 f4 23. dxe5 Nxe5 24. Rxf4 Nd3 25. Rxf8 Nxc1 26. Rxe8 Qd7 27. Re4 Nb3 28. Rae1 Nc8 29. Ne5 Qd2 30. Nc4 Qd8 31. Re8 Qc7 32. Nb6 Qxb6 33. Rxc8 Kf7 34. Ne4 Kg7 35. Ng5 h6 36. Ne6+ Kf6 37. Nf8 Nc5 38. Re6+ Kf7 39. Re2 Qb3 40. Rd2 Qxa4 41. Rc7+ Kf6 42. Rd6+ Ke5 43. Rxg6 Qd1+ 44. Kh2 Qd2 45. Re7+ Kd5 46. Rg4 Nd3 47. Rd4+ Kc5 48. Rxb7 1-0

[Event "Auckland op"]
[Site "Auckland"]
[Date "2004.01.21"]
[Round "5"]
[White "West, Guy"]
[Black "Reedy, Brendan"]
[Result "1-0"]
[WhiteElo "2352"]
[BlackElo "2094"]
[PlyCount "35"]
[EventDate "2004.01.??"]
[EventType "swiss"]
[EventRounds "9"]
[EventCountry "NZL"]
[SourceTitle "CBM 098 Extra"]
[Source "ChessBase"]
[SourceDate "2004.03.10"]
[SourceVersion "2"]
[SourceVersionDate "2004.03.10"]
[SourceQuality "1"]

1. e4 c5 2. Nf3 d6 3. d4 cxd4 4. Qxd4 Nc6 5. Bb5 Qa5+ 6. Nc3 Bd7 7. Bxc6 Bxc6 8. Bd2 Qb6 9. Qd3 e6 10. 0-0-0 0-0-0 11. Be3 Qa5 12. Nd4 d5 13. exd5 Bxd5 14. Ndb5 a6 15. Nxd5 exd5 16. Qf5+ Rd7 17. Rxd5 Nf6 18. Na7+ 1-0

[Event "NZL-ch Major op"]
[Site "Wanganui"]
[Date "2003.01.10"]
[Round "11"]
[White "Stracy, Don M"]
[Black "Reedy, Brendan"]
[Result "1-0"]
[WhiteElo "1573"]
[BlackElo "1711"]
[PlyCount "47"]
[EventDate "2003.01.??"]
[EventType "swiss"]
[EventRounds "11"]
[EventCountry "NZL"]
[SourceTitle "EXT 2005"]
[Source "ChessBase"]
[SourceDate "2004.11.15"]
[SourceVersion "1"]
[SourceVersionDate "2004.11.15"]
[SourceQuality "1"]

1. e4 c5 2. Nf3 d6 3. d4 cxd4 4. Nxd4 Nf6 5. Nc3 a6 6. Bg5 e6 7. f4 Nc6 8. Nxc6 bxc6 9. e5 h6 10. Bh4 g5 11. fxg5 Nd5 12. Nxd5 cxd5 13. Qh5 dxe5 14. g6 Qa5+ 15. c3 Bg7 16. gxf7+ Kf8 17. Be2 e4 18. 0-0 Ra7 19. Bf6 Qb6+ 20. Kh1 Bxf6 21. Rxf6 Qxb2 22. Raf1 Qxc3 23. Rg6 Rc7 24. Rxh6 1-0

[Event "NZL-ch Major op"]
[Site "Wanganui"]
[Date "2003.01.08"]
[Round "9"]
[White "Nyberg, Michael"]
[Black "Reedy, Brendan"]
[Result "0-1"]
[WhiteElo "1780"]
[BlackElo "1711"]
[PlyCount "138"]
[EventDate "2003.01.??"]
[EventType "swiss"]
[EventRounds "11"]
[EventCountry "NZL"]
[SourceTitle "EXT 2005"]
[Source "ChessBase"]
[SourceDate "2004.11.15"]
[SourceVersion "1"]
[SourceVersionDate "2004.11.15"]
[SourceQuality "1"]

1. e4 c5 2. Nf3 d6 3. c3 Nf6 4. e5 dxe5 5. Nxe5 Qc7 6. d4 e6 7. Na3 cxd4 8. Qxd4 Bc5 9. Nb5 Qb6 10. Qf4 0-0 11. b4 Be7 12. Be3 Qd8 13. Rd1 Nd5 14. Qf3 Nd7 15. Nxd7 Bxd7 16. Bd4 a6 17. Na3 Bc6 18. Qg3 Bf6 19. Be2 Bxd4 20. Rxd4 Qf6 21. 0-0 e5 22. Rg4 Nf4 23. Bf3 h5 24. Rxf4 exf4 25. Qh3 Bxf3 26. Qxf3 b5 27. Nc2 Rac8 28. Nd4 Rc4 29. Rd1 Rfc8 30. Ne2 g6 31. h3 Qe5 32. Rd5 Qe4 33. Qd3 Qxd3 34. Rxd3 g5 35. Rd5 f6 36. f3 R8c7 37. Kf2 R4c6 38. g3 fxg3+ 39. Kxg3 Kf7 40. h4 Kg6 41. hxg5 fxg5 42. Nd4 Rf6 43. Ne2 Rc4 44. Rd8 h4+ 45. Kg2 Rc7 46. Rg8+ Rg7 47. Rd8 h3+ 48. Kxh3 Rxf3+ 49. Kg2 Rgf7 50. Rd6+ R3f6 51. Rd2 Rf2+ 52. Kg1 R2f3 53. Rd6+ R7f6 54. Rd2 Re3 55. Kg2 Rfe6 56. Nd4 Re7 57. Rc2 g4 58. Kf2 Kh5 59. Kg2 R7e5 60. Kf2 g3+ 61. Kg2 Kg4 62. c4 Rh5 63. Ne2 Rh2+ 64. Kf1 Rf2+ 65. Ke1 bxc4 66. Rxc4+ Kf3 67. Rf4+ Kg2 68. Rxf2+ gxf2+ 69. Kd2 Rxe2+ 0-1

[Event "Canterbury op"]
[Site "Canterbury"]
[Date "2003.??.??"]
[Round "2.1"]
[White "West, Guy"]
[Black "Reedy, Brendan"]
[Result "1-0"]
[WhiteElo "2347"]
[BlackElo "2099"]
[PlyCount "51"]
[EventDate "2003.10.25"]
[EventType "swiss"]
[EventRounds "6"]
[EventCountry "NZL"]
[SourceTitle "CBM 097 Extra"]
[Source "ChessBase"]
[SourceDate "2004.01.13"]
[SourceVersion "1"]
[SourceVersionDate "2004.01.13"]
[SourceQuality "1"]

1. e4 c5 2. Nc3 Nc6 3. f4 g6 4. Nf3 Bg7 5. Bc4 e6 6. f5 Nge7 7. fxe6 fxe6 8. d3 a6 9. a4 0-0 10. 0-0 b6 11. Bg5 Qe8 12. Qd2 Nd4 13. Nxd4 cxd4 14. Rxf8+ Bxf8 15. Ne2 Nc6 16. Rf1 Bb7 17. Bf6 Bg7 18. Bxg7 Kxg7 19. Qf4 Qe7 20. Nxd4 Qc5 21. Qf6+ Kg8 22. Qf7+ Kh8 23. c3 Ne5 24. Qf6+ Kg8 25. b4 Qd6 26. Nxe6 1-0